Heat transfer (Record no. 3641)

000 -LEADER
fixed length control field 00564nam a2200229 a 4500
001 - CONTROL NUMBER
control field 3641
003 - CONTROL NUMBER IDENTIFIER
control field BD-DhUET
008 - FIXED-LENGTH DATA ELEMENTS--GENERAL INFORMATION
fixed length control field 960506s1997 nyua b 001 0 eng
020 ## - INTERNATIONAL STANDARD BOOK NUMBER
International Standard Book Number 0071143203
020 ## - INTERNATIONAL STANDARD BOOK NUMBER
International Standard Book Number 0078447852
040 ## - CATALOGING SOURCE
Original cataloging agency DLC
Transcribing agency DLC
Modifying agency BD-DhUET
082 00 - DEWEY DECIMAL CLASSIFICATION NUMBER
Classification number 621.011
Item number HOL/1997
100 1# - MAIN ENTRY--PERSONAL NAME
Personal name Holman, J. P.
245 10 - TITLE STATEMENT
Title Heat transfer
250 ## - EDITION STATEMENT
Edition statement 8th ed.
260 ## - PUBLICATION, DISTRIBUTION, ETC. (IMPRINT)
Place of publication, distribution, etc. New York
Name of publisher, distributor, etc. McGraw-Hill
Date of publication, distribution, etc. 1997
300 ## - PHYSICAL DESCRIPTION
Extent xviii, 696 p.
Other physical details ill.
490 ## - SERIES STATEMENT
Series statement Schaum's outline series
504 ## - BIBLIOGRAPHY, ETC. NOTE
Bibliography, etc Includes bibliographies
650 #0 - SUBJECT ADDED ENTRY--TOPICAL TERM
Topical term or geographic name as entry element Heat transfer
942 ## - ADDED ENTRY ELEMENTS (KOHA)
Koha item type General Book
Holdings
Withdrawn status Koha out on loan Piece designation (barcode) Koha date last borrowed Price effective from Damaged status Not for loan Koha item type Koha normalized classification for sorting Koha issues (times borrowed) Shelving location Koha date last seen Koha full call number Lost status Date acquired Location (home branch) Sublocation or collection (holding branch) Copy number Source of classification or shelving scheme
 2025-05-11924502025-04-272014-11-03  General Book621_011000000000000_HOL_19973Circulation section2025-04-27621.011/HOL/1997 2014-11-03Central Library, BUETCentral Library, BUET1 
  92452 2014-11-03  General Book621_011000000000000_HOL_1997 Circulation section2014-11-03621.011/HOL/1997 2014-11-03Central Library, BUETCentral Library, BUET2 
  92453 2014-11-03  General Book621_000000000000000_011HOL1997 Circulation section2016-07-30621.011/HOL/1997 2014-11-03Central Library, BUETCentral Library, BUET3 
  924542022-01-092014-11-03  General Book621_000000000000000_011HOL19971Circulation section2022-06-08621.011/HOL/1997 2014-11-03Central Library, BUETCentral Library, BUET4 
  924552024-10-022014-11-03  General Book621_000000000000000_011HOL19972Circulation section2024-10-28621.011/HOL/1997 2014-11-03Central Library, BUETCentral Library, BUET5 
  924572023-12-102014-11-03  General Book621_000000000000000_011HOL19973Circulation section2024-08-31621.011/HOL/1997 2014-11-03Central Library, BUETCentral Library, BUET6 
  92459 2014-11-03  General Book621_000000000000000_011HOL1997 Circulation section2014-11-03621.011/HOL/1997 2014-11-03Central Library, BUETCentral Library, BUET7 
  924602024-03-122014-11-03  General Book621_011000000000000_HOL_19971Circulation section2024-08-28621.011/HOL/1997 2014-11-03Central Library, BUETCentral Library, BUET8 
  924612024-04-082014-11-03  General Book621_000000000000000_011HOL19971Circulation section2024-06-22621.011/HOL/1997 2014-11-03Central Library, BUETCentral Library, BUET9 
  924622024-12-102014-11-03  General Book621_000000000000000_011HOL19975Circulation section2025-03-12621.011/HOL/1997 2014-11-03Central Library, BUETCentral Library, BUET10 
  924642015-03-042014-11-03  General Book621_000000000000000_011HOL19971Circulation section2017-05-03621.011/HOL/1997 2014-11-03Central Library, BUETCentral Library, BUET11 
  924652019-06-172014-11-03  General Book621_000000000000000_011HOL19973Circulation section2019-07-10621.011/HOL/1997 2014-11-03Central Library, BUETCentral Library, BUET12 
  924662022-05-242014-11-03  General Book621_000000000000000_011HOL19973Circulation section2022-06-08621.011/HOL/1997 2014-11-03Central Library, BUETCentral Library, BUET13 
  92468 2015-04-12  General Book621_011000000000000_HOL_1997 Circulation section2015-04-12621.011 HOL/1997 2015-04-12Central Library, BUETCentral Library, BUET14 
  92447 2015-07-02  Reading Item621_011000000000000_HOL_1997 Reading section2015-07-02621.011/HOL/1997 2015-07-02Central Library, BUETCentral Library, BUET15 
  92446 2015-07-09  Reading Item621_011000000000000_HOL_1997 Reading section2015-07-09621.011/HOL/1997 2015-07-09Central Library, BUETCentral Library, BUET16